| 000 | 00376cam a2200145ua 4500 | ||
|---|---|---|---|
| 020 | _a9780070141100 | ||
| 082 |
_a624.1834 _bUNN/RE |
||
| 100 |
_aUnnikrishna Pillai M. _9646 |
||
| 100 |
_aDevadas Menon. _9647 |
||
| 245 | 0 | _aReinforced concrete design | |
| 250 | _a3. | ||
| 260 |
_aNew Delhi _bTata Mc-Graw Hill Education Private Limited _c2012 |
||
| 300 | _a962. | ||
| 942 | _cBK | ||
| 999 |
_c13601 _d13601 |
||